000 00317nam a2200181Ia 4500
100 _aKanetkar/Yashavant
650 _aC
250 _a15
942 _cBK
366 _f25
654 _aC
245 _aLet us C
260 _bBPB
_c2017
082 _bKAN
300 _a630
546 _aENGLISH
999 _c25915
_d25915